Countries by population in 1700 - Statistics

General Stats
  • This quiz has been taken 39 times
  • The average score is 8 of 10
Answer Stats
Population Country % % Correct
158,400,000 Mughal Empire 23.0
100%
100,000,000–150,000,000 Qing Empire 22.0
100%
21,471,000 France 3.1
97%
24,530,000 Spain and possessions 3.6
97%
13,616,000 Tsardom of Russia 2.0
91%
27,519,000 Ottoman Empire 4.0
89%
27,000,000 Tokugawa Japan 4.0
83%
27,400,000 Holy Roman Empire 4.0
71%
13,500,000 Joseon 2.0
60%
10,000,000 Safavid Iran 1.5
51%
No matching quizzes found
Score Distribution
Percent of People with Each Score
Percentile by Number Answered
Your Score History
You have not taken this quiz